Klaatu: Albums by Cover - Statistics

General Stats
  • This quiz has been taken 4 times
  • The average score is 3 of 5
Answer Stats
Picture Hint Answer % Correct
1976 3:47 EST | Klaatu
100%
1977 Hope
100%
1980 Endangered Species
50%
1981 Magentalane
25%
1978 Sir Army Suit
25%
No matching quizzes found
Score Distribution
Percent of People with Each Score
Percentile by Number Answered
Your Score History
You have not taken this quiz